Average Faces Around the World Quiz Stats

 Plays Quiz Updated Sep 21, 2021

     
Support Sporcle.
Go Orange.
Score 0/18 Timer 05:00
11 Plays Today
% Correct
Sweden
85.1%
India
84.6%
Ireland
82%
Japan
82%
Samoa
76.5%
South Africa
72.4%
Afghanistan
71.9%
Cameroon
71.8%
Cambodia
71.4%
% Correct
Ethiopia
70.7%
Vietnam
68.9%
Brazil
64%
Poland
63.3%
Spain
63.1%
Peru
60.9%
Mexico
56.6%
Turkey
53%
Uzbekistan
50.8%

From the Vault

Geography 'C' Blitz

by nspyred

'C' how strong your Geography knowledge is. 'C' what we did there?
Remove Ads.
Support Sporcle.
Get the best of Sporcle when you Go Orange. This ad-free experience offers more features, more stats, and more fun while also helping to support Sporcle. Thank you for becoming a member.

Show Comments

Extras

Top Quizzes Today


Score Distribution

Your Account Isn't Verified!

In order to create a playlist on Sporcle, you need to verify the email address you used during registration. Go to your Sporcle Settings to finish the process.

Report this User

Report this user for behavior that violates our Community Guidelines.

Details: